صلاح الدين الأيوبي / (رقم التسجيلة. 105991)

تفاصيل مارك
000 -LEADER
fixed length control field 00715nam a22002297a 4500
005 - DATE AND TIME OF LATEST TRANSACTION
control field 20251108173526.0
008 - FIXED-LENGTH DATA ELEMENTS--GENERAL INFORMATION
fixed length control field 250721s9999 xx 000 0 ara d
082 14 - DEWEY DECIMAL CLASSIFICATION NUMBER
Classification number ط/956.0669/صلا
100 1# - MAIN ENTRY--PERSONAL NAME
Personal name هنداوي، خليل
245 10 - TITLE STATEMENT
Title صلاح الدين الأيوبي /
264 1# - PRODUCTION, PUBLICATION, DISTRIBUTION, MANUFACTURE, AND COPYRIGHT NOTICE
Place of production, publication, distribution, manufacture بيروت :
Name of producer, publisher, distributor, manufacturer دار الشرق العربي،
300 ## - PHYSICAL DESCRIPTION
Extent 112ص.
490 0# - SERIES STATEMENT
Series statement .اعلام خالدون
650 17 - SUBJECT ADDED ENTRY--TOPICAL TERM
Topical term or geographic name as entry element التاريخ الإسلامي
650 17 - SUBJECT ADDED ENTRY--TOPICAL TERM
Topical term or geographic name as entry element الأيوبيون 1252-1174
653 ## - INDEX TERM--UNCONTROLLED
Uncontrolled term ناشئون صغار (10-14 سنة (
700 1# - ADDED ENTRY--PERSONAL NAME
Personal name الانطاقي، محمد
700 1# - ADDED ENTRY--PERSONAL NAME
Personal name حاضري، بدر الدين
700 1# - ADDED ENTRY--PERSONAL NAME
Personal name قجة، محمد
942 ## - ADDED ENTRY ELEMENTS (KOHA)
Source of classification or shelving scheme Dewey Decimal Classification
Koha item type كتب
المقتنيات
حالة السحب حالة الفقدان مصدر التصنيف حالة التلف غير قابل للإعارة المكتبة الرئيسية المكتبة الحالية موقع الرف تاريخ التزويد الرقم المتسلسل Total Checkouts رقم الإستدعاء الباركود تاريخ آخر ظهور تاريخ الفاتورة نوع المادة (كوها)
    Dewey Decimal Classification     مكتبة أم المؤمنين للأطفال مكتبة أم المؤمنين للأطفال الأطفال 28/07/2025 1045492   ط/956.0669/صلا 1045492 28/07/2025 28/07/2025 كتب
    Dewey Decimal Classification     مكتبة الأميرة سلمى مكتبة الأميرة سلمى الأطفال 28/07/2025 568035   ط/956.0669/صلا 568035 28/07/2025 28/07/2025 كتب
    Dewey Decimal Classification     مكتبة البراءة للأطفال مكتبة البراءة للأطفال الأطفال 14/05/2015 1598296   ط/956.0669/صلا PLD00324198 28/07/2025 14/05/2015 كتب
    Dewey Decimal Classification     مكتبة الراية الهاشمية للأطفال مكتبة الراية الهاشمية للأطفال الأطفال 04/01/2003 295795   ط/956.0669/صلا PLD00358903 28/07/2025 04/01/2003 كتب
Implemented & Customized by: BBB with SCIT (Smart Chains for Information Technology)

Powered by Koha